An introduction to modern philosophy : (Record no. 7288)
[ view plain ]
| 000 -LEADER | |
|---|---|
| fixed length control field | 00867cam a2200253 a 4500 |
| 001 - CONTROL NUMBER | |
| control field | 1388143 |
| 005 - DATE AND TIME OF LATEST TRANSACTION | |
| control field | 20250818142933.0 |
| 008 - FIXED-LENGTH DATA ELEMENTS--GENERAL INFORMATION | |
| fixed length control field | 820517s1983 nyu b 001 0 eng |
| 020 ## - INTERNATIONAL STANDARD BOOK NUMBER | |
| International Standard Book Number | 0023200804 |
| 020 ## - INTERNATIONAL STANDARD BOOK NUMBER | |
| International Standard Book Number | 9780023200809 |
| 050 00 - LIBRARY OF CONGRESS CALL NUMBER | |
| Classification number | B791 |
| Item number | .C3 1983 |
| 082 00 - DEWEY DECIMAL CLASSIFICATION NUMBER | |
| Classification number | 190 |
| Edition information | 19 |
| 100 1# - MAIN ENTRY--PERSONAL NAME | |
| Personal name | Castell, Alburey, |
| Dates associated with a name | 1904- |
| 245 13 - TITLE STATEMENT | |
| Title | An introduction to modern philosophy : |
| Remainder of title | examining the human condition / |
| Statement of responsibility, etc. | Alburey Castell, Donald M. Borchert. |
| 250 ## - EDITION STATEMENT | |
| Edition statement | 4th ed. |
| 260 ## - PUBLICATION, DISTRIBUTION, ETC. | |
| Place of publication, distribution, etc. | New York : |
| Name of publisher, distributor, etc. | Macmillan ; |
| Place of publication, distribution, etc. | London : |
| Name of publisher, distributor, etc. | Collier Macmillan, |
| Date of publication, distribution, etc. | c1983. |
| 300 ## - PHYSICAL DESCRIPTION | |
| Extent | x, 662 p. ; |
| Dimensions | 25 cm. |
| 500 ## - GENERAL NOTE | |
| General note | Rev. ed. of: An introduction to modern philosophy in eight philosophical problems. 3rd ed. 1976. |
| 500 ## - GENERAL NOTE | |
| General note | Includes index. |
| 650 #0 - SUBJECT ADDED ENTRY--TOPICAL TERM | |
| Topical term or geographic name entry element | Philosophy, Modern. |
| 650 #0 - SUBJECT ADDED ENTRY--TOPICAL TERM | |
| Topical term or geographic name entry element | Philosophy |
| Form subdivision | Introductions. |
| 700 1# - ADDED ENTRY--PERSONAL NAME | |
| Personal name | Borchert, Donald M., |
| Dates associated with a name | 1934- |
| 942 ## - ADDED ENTRY ELEMENTS (KOHA) | |
| Source of classification or shelving scheme | Library of Congress Classification |
| Koha item type | Books |
| Suppress in OPAC | No |
| 999 ## - | |
| -- | 7288 |
| -- | 7288 |
| Withdrawn status | Lost status | Source of classification or shelving scheme | Damaged status | Not for loan | Collection | Home library | Current library | Shelving location | Date acquired | Total checkouts | Full call number | Barcode | Date last seen | Copy number | Price effective from | Koha item type |
|---|---|---|---|---|---|---|---|---|---|---|---|---|---|---|---|---|
| Library of Congress Classification | Non-fiction | Undergraduate Library (Christ Temple) | Undergraduate Library (Christ Temple) | General stacks | 08/18/2025 | B 791.C3 CAS | ulct00004355 | 08/18/2025 | 1 | 08/18/2025 | Books |